000 00449cam a2200157 a 4500
020 _a9782296119949
040 _cDLC
082 _a940 HAR 2010 A105 Or.
245 0 0 _aAu-delà des œuvres :
_bles voies de l'analyse du discours littéraire /
260 _aParis :
_bHarmattan,
_cc2010.
300 _a206 p. ;
_c22 cm.
650 0 _aDiscourse analysis, Literary.
700 1 _aMaingueneau, Dominique.
700 1 _aØstenstad, Inger.
942 _cEK
999 _c16025
_d16025